Gestion de projets culturels : Conception, mise en oeuvre, direction (notice n° 1568812)

détails MARC
000 -LEADER
fixed length control field 01203cam a2200133 4500500
005 - DATE AND TIME OF LATEST TRANSACTION
control field 20251214005407.0
041 ## - LANGUAGE CODE
Language code of text/sound track or separate title fre
042 ## - AUTHENTICATION CODE
Authentication code dc
100 10 - MAIN ENTRY--PERSONAL NAME
Personal name Mairesse, François
Relator term author
245 00 - TITLE STATEMENT
Title Gestion de projets culturels : Conception, mise en oeuvre, direction
260 ## - PUBLICATION, DISTRIBUTION, ETC.
Name of publisher, distributor, etc. Armand Colin,<br/>
Date of publication, distribution, etc. 2020.<br/>
520 ## - SUMMARY, ETC.
Summary, etc. Qu’il s’agisse de concevoir une exposition temporaire, monter un spectacle ou un événement, organiser un festival, préparer un catalogue, la gestion d’un projet culturel répond à des critères et contraintes qui lui sont propres. La nouvelle édition de cet ouvrage présente la démarche générale et les différentes étapes de la gestion d’un projet culturel (analyse de l’environnement, organisation du temps et des ressources, cadre légal, financement, communication, etc.). De nombreux exemples et études de cas (préparation d’un festival, accueil du public, budget d’une création théâtrale, etc.), proposés par des professionnels du secteur, illustrent les spécificités de la gestion en mode projet dans le domaine culturel.
856 41 - ELECTRONIC LOCATION AND ACCESS
Uniform Resource Identifier <a href="https://shs.cairn.info/gestion-de-projets-culturels--9782200628048?lang=fr&redirect-ssocas=7080">https://shs.cairn.info/gestion-de-projets-culturels--9782200628048?lang=fr&redirect-ssocas=7080</a>

Pas d'exemplaire disponible.

PLUDOC

PLUDOC est la plateforme unique et centralisée de gestion des bibliothèques physiques et numériques de Guinée administré par le CEDUST. Elle est la plus grande base de données de ressources documentaires pour les Étudiants, Enseignants chercheurs et Chercheurs de Guinée.

Adresse

627 919 101/664 919 101

25 boulevard du commerce
Kaloum, Conakry, Guinée

Réseaux sociaux

Powered by Netsen Group @ 2025